00446nam a2200121Ia 4500008004100000100002100041245007200062245004100134650001300175856004400188999001900232952007300251170221s9999 xx 000 0 und d aSharon M. Taylor 4aThe Solution to the Financial Literacy Problem: What is the Answer? cSharon M. Taylor and Suzanne Wagland xBusiness uhttp://ro.uow.edu.au/aabfj/vol7/iss3/5/ c307949d307949 001040aCLbCLd2017-02-21l0r2017-02-21 00:00:00w2017-02-21yFOJ